|
|
|
|
| LEADER |
00000cam a2200000 a 4500 |
| 001 |
JSTOR_ocn288106941 |
| 003 |
OCoLC |
| 005 |
20231005004200.0 |
| 006 |
m o d |
| 007 |
cr cn||||||||| |
| 008 |
990709s2000 onc ob 001 0 eng d |
| 040 |
|
|
|a MT4IT
|b eng
|e pn
|c MT4IT
|d LVB
|d OCLCQ
|d E7B
|d OCLCQ
|d CELBN
|d FXR
|d N$T
|d OCLCQ
|d JSTOR
|d OCLCF
|d YDXCP
|d EBLCP
|d OCLCQ
|d DEBBG
|d OCLCQ
|d AGLDB
|d CSAIL
|d VT2
|d OTZ
|d FVL
|d OCLCQ
|d IOG
|d MUQ
|d JG0
|d VNS
|d VTS
|d CEF
|d COCUF
|d STF
|d LOA
|d AU@
|d OCLCQ
|d OCLCO
|d YOU
|d K6U
|d UKAHL
|d OCLCQ
|d SFB
|d VLY
|d AJS
|d OCLCO
|d LUU
|d OCLCQ
|
| 019 |
|
|
|a 647732935
|a 752277549
|a 806953587
|a 988695512
|a 1058058581
|a 1061054046
|a 1117803178
|a 1122608609
|a 1162000986
|a 1192329748
|
| 020 |
|
|
|a 9781442677371
|q (electronic bk.)
|
| 020 |
|
|
|a 1442677376
|q (electronic bk.)
|
| 020 |
|
|
|z 080204736X
|
| 020 |
|
|
|z 9780802047366
|
| 029 |
1 |
|
|a AU@
|b 000051569281
|
| 029 |
1 |
|
|a AU@
|b 000066754753
|
| 029 |
1 |
|
|a AU@
|b 000069863169
|
| 029 |
1 |
|
|a DEBBG
|b BV043099907
|
| 029 |
1 |
|
|a DEBBG
|b BV043492774
|
| 029 |
1 |
|
|a DEBSZ
|b 421389664
|
| 029 |
1 |
|
|a DEBSZ
|b 477993575
|
| 029 |
1 |
|
|a GBVCP
|b 856547018
|
| 035 |
|
|
|a (OCoLC)288106941
|z (OCoLC)647732935
|z (OCoLC)752277549
|z (OCoLC)806953587
|z (OCoLC)988695512
|z (OCoLC)1058058581
|z (OCoLC)1061054046
|z (OCoLC)1117803178
|z (OCoLC)1122608609
|z (OCoLC)1162000986
|z (OCoLC)1192329748
|
| 037 |
|
|
|a 22573/ctt54zz9
|b JSTOR
|
| 050 |
|
4 |
|a JC574
|b .F34 1999eb
|
| 055 |
1 |
1 |
|a JC574
|
| 055 |
1 |
3 |
|a JC574
|b F34 1999
|
| 055 |
1 |
0 |
|a JC574
|b F34 2000
|
| 072 |
|
7 |
|a POL
|x 042020
|2 bisacsh
|
| 072 |
|
7 |
|a PHI005000
|2 bisacsh
|
| 082 |
0 |
4 |
|a 320.51/2
|
| 049 |
|
|
|a UAMI
|
| 100 |
1 |
|
|a Fairfield, Paul,
|d 1966-
|
| 245 |
1 |
4 |
|a The politics of individuality :
|b moral selfhood in the liberal tradition /
|c Paul Fairfield.
|
| 260 |
|
|
|a Toronto, Ont. :
|b University of Toronto Press,
|c ©2000.
|
| 300 |
|
|
|a 1 online resource (vi, 278 pages)
|
| 336 |
|
|
|a text
|b txt
|2 rdacontent
|
| 337 |
|
|
|a computer
|b c
|2 rdamedia
|
| 338 |
|
|
|a online resource
|b cr
|2 rdacarrier
|
| 490 |
1 |
|
|a Toronto studies in philosophy.
|
| 504 |
|
|
|a Includes bibliographical references (pages 261-273) and index.
|
| 588 |
0 |
|
|a Print version record.
|
| 505 |
0 |
|
|a ACKNOWLEDGMENTS -- Introduction -- Part One: The Metaphysics of Individuality -- 1. The Classical Liberals -- A Classical Fable -- Hobbes: The Appetitive Machine -- Locke: The Rational Proprietor -- Rousseau: The Historicized Self -- Kant: The Rational Will -- 2. Utilitarian and New Liberals -- The Transformation of Liberal Doctrine -- Bentham: Homo Economicus -- Mill: Utilitarian Individuality -- Green: Individuality Socialized -- Hobhouse: The New Liberal Self -- 3. Neoclassical Liberals and Communitarian Critics -- The Philosophy of the Self in Contemporary Liberal Theory.
|
| 505 |
8 |
|
|a Rawls: The Original Chooser -- Nozick: Homo Economicus, Again -- Communitarianism and Metaphysical Embarrassment -- Working Through Metaphysical Embarrassment -- Part Two: The Politics of Individuality -- 4. Changing the Subject: Refashioning the Liberal Self -- The Decline of the Worldless Subject -- A Hermeneutical-Pragmatic Philosophy of the Self -- The Self as a Situated Agent -- 5. Rational Agency -- The Regime of Instrumentality -- Communicative Reason -- 6. The Political Conditions of Agency -- The Free Society: A Justification -- The Free Society: An Interpretation -- CONCLUSION -- NOTES.
|
| 520 |
|
|
|a Beginning with a wide-ranging discussion of liberal philosophers, Fairfield proposes that liberalism requires a complete reconception of moral selfhood, one that accommodates elements of the contemporary critiques without abandoning liberal individualism.
|
| 546 |
|
|
|a English.
|
| 590 |
|
|
|a JSTOR
|b Books at JSTOR All Purchased
|
| 590 |
|
|
|a JSTOR
|b Books at JSTOR Demand Driven Acquisitions (DDA)
|
| 590 |
|
|
|a JSTOR
|b Books at JSTOR Evidence Based Acquisitions
|
| 650 |
|
0 |
|a Liberalism.
|
| 650 |
|
6 |
|a Libéralisme.
|
| 650 |
|
7 |
|a liberalism.
|2 aat
|
| 650 |
|
7 |
|a POLITICAL SCIENCE
|x Political Ideologies
|x Conservatism & Liberalism.
|2 bisacsh
|
| 650 |
|
7 |
|a PHILOSOPHY
|x Ethics & Moral Philosophy.
|2 bisacsh
|
| 650 |
|
7 |
|a Liberalism.
|2 fast
|0 (OCoLC)fst00997183
|
| 650 |
|
7 |
|a Liberalismus
|2 gnd
|
| 650 |
0 |
7 |
|a Liberalismus.
|2 swd
|
| 655 |
|
0 |
|a Electronic books.
|
| 655 |
|
7 |
|a e-books.
|2 aat
|
| 655 |
|
7 |
|a Livres numériques.
|2 rvmgf
|
| 776 |
0 |
8 |
|i Print version:
|a Fairfield, Paul, 1966-
|t Moral selfhood in the liberal tradition.
|d Toronto : University of Toronto Press, ©2000
|w (DLC) 99931688
|
| 830 |
|
0 |
|a Toronto studies in philosophy.
|
| 856 |
4 |
0 |
|u https://jstor.uam.elogim.com/stable/10.3138/9781442677371
|z Texto completo
|
| 936 |
|
|
|a BATCHLOAD
|
| 938 |
|
|
|a Askews and Holts Library Services
|b ASKH
|n AH35090593
|
| 938 |
|
|
|a Canadian Electronic Library
|b CELB
|n 10219352
|
| 938 |
|
|
|a ProQuest Ebook Central
|b EBLB
|n EBL3255444
|
| 938 |
|
|
|a EBSCOhost
|b EBSC
|n 468307
|
| 938 |
|
|
|a YBP Library Services
|b YANK
|n 3004934
|
| 994 |
|
|
|a 92
|b IZTAP
|